Quizzes
Events
Quiz Creation
Community
Videos
Private Events
Remove Ads
Sign In
Join for FREE
Feedback
Dark Mode
Quiz Categories
Sports
Geography
Music
Movies
Television
Just For Fun
Miscellaneous
History
Literature
Language
Science
Gaming
Entertainment
Religion
Holiday
For Kids
Quiz Lab
Recent
Popular Today
Quiz Kudos Today
Editor Picks
Curator Picks
Quizzes by...
Day
Popularity
Type
Ratings
Length
Year
Community
Subscriptions
Recent Discussions
Orange Saloon
Badges
Playlists
Quests
Create
Leaderboards
Showdown
Live 5
Trivia Bingo
Activity
Puzzle Library
Sporcle Events
Private Events
Virtual Trivia
Globe League
Become a Host
Pub Owners
SporcleCon
Opinionation
Our Games
Videos
Blog
Mobile Apps
Partnerships
Remove Ads and Go Orange
Feedback
Science
Computer
Plants
Astronomy
Chemistry
Elements
Math
Animal
Physics
Anatomy
Biology
Geology
General Science
Science
Computer
Plants
Astronomy
Chemistry
Elements
Math
Animal
Physics
Anatomy
Biology
Geology
General Science
Random Quiz
Search Sporcle
×
Editor Pick
Editor Pick
Science
Chemistry
Type in answers that appear in a list
Type in answers that appear in a list
Classic
Best Score? Go Orange.
Nobel Prize in Chemistry Stats
Can you name the Nobel laureates in Chemistry?
By
bigwelsh
16m
163 Questions
750 Plays
750 Plays
750 Plays
Comments
Comments
Give Quiz Kudos
Give Quiz Kudos
-
- Ratings
hide this ad
Replay
Link that replays current quiz
Next Quiz
Link to next quiz in quiz playlist
You Got
0%
They Got
Avg Score
19%
Avg Friend Score
Upgrade to see
Score Distribution
Jump to the score distribution portion of the page
Score
0/163
Timer
16:00
0
Plays Today
Year
Laureate
% Correct
1911
Marie Curie
85.7%
1908
Ernest Rutherford
52.2%
1901
Jacobus Henricus van't Hoff
49.8%
1954
Linus Carl Pauling
49.8%
1903
Svante August Arrhenius
42.9%
1951
Glenn Theodore Seaborg
42.5%
1918
Fritz Haber
42.2%
1902
Hermann Emil Fischer
40.3%
1930
Hans Fischer
40.2%
1973
Ernst Otto Fischer
40.2%
1912
Victor Grignard
36.6%
1993
Michael Smith
36.3%
1935
Frederic Joliot
35.2%
1958
Frederick Sanger
33.5%
1980
Frederick Sanger
33.5%
1935
Irene Joliot-Curie
31.5%
1964
Dorothy Crowfoot Hodgkin
31.4%
1944
Otto Hahn
31.2%
1950
Kurt Alder
30.4%
1979
Herbert C. Brown
30.2%
1904
Sir William Ramsay
30%
1905
Johann Freidrich Wilhelm Adolf von Baeyer
29.5%
1981
Roald Hoffman
29.5%
1965
Robert Burns Woodward
29.2%
2010
Akira Suzuki
28.7%
1920
Walther Hermann Nernst
27.8%
2005
Robert H. Grubbs
27.6%
1950
Otto Paul Hermann Diels
27.4%
1963
Giullio Natta
27.4%
1909
Wilhelm Ostwald
26.3%
1931
Carl Bosch
26.2%
1921
Frederick Soddy
25.8%
1990
Elias James Corey
25.4%
1932
Irving Langmuir
25.1%
1961
Melvin Calvin
25.1%
1947
Sir Robert Robinson
24.8%
1936
Peter Josephus Wilhelmus Debye
24.6%
1914
Theadore William Richards
24.4%
1996
Sir Harold W. Kroto
24.2%
1906
Henri Moissan
24%
1973
Geoffrey Wilkinson
23.5%
1938
Richard Kuhn
23%
2005
Richard R. Schrock
23%
2001
K. Barry Sharpless
22.6%
1963
Karl Zeigler
22.4%
1979
Georg Wittig
22.3%
1980
Paul Berg
22.3%
1993
Kary B. Mullis
22.3%
1913
Alfred Werner
21.8%
1962
Max Ferdinand Perutz
21.8%
1912
Paul Sabatier
21.6%
2010
Richard F. Heck
21.5%
1922
Francis William Aston
21.2%
1907
Eduard Buchner
21.1%
1934
Harold Clayton Urey
21%
Year
Laureate
% Correct
1966
Robert S. Mulliken
21%
1996
Richard E. Smalley
20.3%
2010
Ei-ichi Negishi
20.2%
1939
Adolf Freidrich Johan Butenandt
19.9%
1967
George Porter
19.9%
1951
Edwin Mattison McMillan
19.8%
1984
Robert Bruce Merrifield
19.8%
1957
Lord Alexander R. Todd
19.4%
1983
Henry Taube
19.1%
1986
Yuan T. Lee
19%
2005
Yves Chauvin
19%
1910
Otto Wallach
18.8%
1937
Walter Norman Haworth
18.7%
2008
Roger Y. Tsien
18.7%
1962
John Cowder Kendrew
18.6%
1928
Adolf Otto Reinhold Windaus
18.4%
1977
Ilya Prigogine
18.3%
1952
Archer John Porter Martin
18.2%
1926
The Svedberg
17.9%
1994
George A. Olah
17.8%
1937
Paul Karrer
17.6%
1996
Robert F. Curl Jr.
17.4%
1960
Willard Frank Libby
17.2%
1969
Derek H. R. Barton
17.2%
1927
Heinrich Otto Wieland
16.8%
1946
Wendell Meredith Stanley
16.8%
2012
Brian K. Kobilka
16.7%
1985
Herbert A. Hauptman
16.7%
1987
Donald J. Cram
16.7%
1931
Freidrich Bergius
16.6%
1982
Aaron Klug
16.6%
2012
Robert J. Lefkowitz
16.4%
1943
George de Hevesy
16.4%
2001
Ryoji Noyori
16.3%
1956
Sir Cyril Norman Hinshelwood
16.2%
1980
Walter Gilbert
16.2%
1925
Richard Adolf Zsigmondy
16%
1949
Williams Francis Giauque
16%
1997
Paul D. Boyer
16%
1995
Mario J. Molina
16%
1998
Walter Kohn
15.9%
1923
Fritz Pregl
15.8%
1968
Lars Onsager
15.8%
2009
Ada E. Yonath
15.5%
1975
Valdimir Prelog
15.5%
2011
Dan Shechtman
15.5%
1967
Manfred Eigen
15.4%
1915
Richard Martin Willstatter
15.2%
1955
Vincent du Vigneaud
15.2%
1929
Arthur Harden
15.2%
1995
F. Sherwood Rowland
15.1%
1999
Ahmed H. Zewail
14.8%
1956
Nikolay Nikolaevich Semenov
14.7%
1974
Paul J. Flory
14.7%
1939
Leopold Ruzicka
14.7%
Year
Laureate
% Correct
1972
Stanford Moore
14.7%
2002
Koichi Tanaka
14.6%
1929
Hans Karl August Simon von Euler-Chelpin
14.3%
1945
Artturi Ilmari Virtanen
14.2%
2008
Osamu Shimomura
14.2%
1985
Jerome Karle
14.2%
1981
Kenichi Fukui
14%
1946
John Howard Northrop
13.9%
1952
Richard Laurence Millington Synge
13.8%
1971
Gerhard Herzberg
13.6%
1948
Arne Wilhelm Kaurin Tiselius
13.4%
1967
Ronald George Wreyford Norrish
13.4%
1978
Peter D. Mitchell
13.4%
1953
Hermann Staudinger
13.2%
1998
John A. Pople
13.2%
1969
Odd Hassel
13.1%
1992
Rudolph A. Marcus
12.8%
2009
Venkatraman Ramakrishnan
12.8%
2007
Gerhard Ertl
12.7%
1970
Luis F. Leloir
12.6%
1972
William H. Stein
12.3%
1997
John E. Walker
11.9%
2000
Alan J. Heeger
11.7%
1959
Jaroslav Heyrovsky
11.2%
1988
Harmut Michel
11.2%
1946
James Batcheller Sumner
11.1%
2009
Thomas A. Steitz
10.9%
1989
Thomas R. Cech
10.8%
1976
William N. Lipscomb
10.7%
2003
Peter Agre
10.7%
1997
Jens C. Skou
10.7%
2001
William S. Knowles
10.5%
2000
Hideki Shirakawa
10.3%
2004
Irwin Rose
10.3%
1991
Richard R. Ernst
9.9%
1995
Paul J. Crutzen
9.9%
2003
Roderick Mackinnon
9.9%
1972
Christian B. Anfinsen
9.7%
2002
John B. Fenn
9.7%
1988
Johan Deisenhofer
9.6%
2000
Alan G. MacDiarmid
9.5%
1975
John Warcup Cornforth
9.3%
1989
Sidney Altman
9.3%
1987
Jean-Marie Lenh
9.2%
1988
Robert Huber
9.2%
1986
John C. Polanyi
8.8%
1987
Charles J. Pendersen
8.1%
1986
Dudley R. Herschbach
7.5%
2006
Roger D. Kornberg
7.2%
2004
Aaron Ciechanover
6.9%
2004
Avram Hershko
6.7%
2002
Kurt Wuthrich
6.5%
2008
Martin Chalfie
4.8%
Quiz Playlist
Details
Report
Send in Message
Add To Playlist
Classic:
Type in answers that appear in a list
Last Updated: Feb 16, 2017
Editor Pick in
Science
Quiz Scoreboard
CHALLENGE
Sign Up to Join the Scoreboard
Show All
Scores
Hide
Comments
May contain spoilers
Recently Published
Popular People in 1961
by mucciniale
History
6m
1-10 Letter E Words III
by El_Dandy
Language
2m
One Thing in Common: World Cities II
by knightlancer
Geography
7m
More to Explore
Quiz From the Vault
Featured Blog Post
Where Did the Easter Bunny Come From?
hide this ad
You Might Also Like...
Tags
Chemistry Quiz
laureate
nobel
Prize
Today's Top Quizzes in Science
Browse Science
hide this ad
Today's Top Quizzes in Chemistry
Browse Chemistry
Top Contributed Quizzes in Science
1
One Thing in Common: Science
2
One Thing in Common: Science III
3
Quick Pick: Radians
4
Sporcle Puzzle Hunt: Science
5
Quick Pick: 'CI-CJ' Animals
6
One Thing in Common: Science II
7
Square Numbers Scrambled (1-50)
8
Elements In Images
9
Click the Parts of an Plant Cell
10
Glycolysis
Explore More
Trending Topics
Marvel
Kpop
Crossword
Anime
NBA
Disney
Harry Potter
Soccer
Puzzle
NFL
Country
Pokémon
The Office
Song
WWE
hide this ad
More By:
bigwelsh
Quiz
Plays
Rating
Category
Featured
Created
Nobel Prize in Chemistry
750
4.63
Science
May 11, 2010
Lifter Puller Songs by Lyric
25
5.00
Music
Mar 31, 2010
Go to Creator's Profile
Score Distribution
Quiz Creator Spotlight
bigwelsh
Follow
Send a Message
Quizzes Created
-
Created Quiz Play Count
-
More By This Creator
Popular Quizzes Today
1
Find the US States - No Outlines Minefield
2
Find the Countries of Europe - No Outlines Minefield
3
The Countries of the World
4
Popular People in 1961
5
1-10 Letter E Words III
6
Find the US States
7
One Thing in Common: World Cities II
8
US States
More Science Quizzes
Find the Reef Animals
Curator's Pick
Trending Quizzes
Risky Map Clicking: Least Populous States A-Z
1-10 Letter F Words
1-10 Letter G Words
One Thing in Common: United Kingdom
Risky Map Clicking: Next State Alphabetically
Recently Updated
Leaping Animals
pecheneg
Reality TV Shows (A-Z)
bhenderson79
Rickey Henderson's Hall of Fame Teammates
pecheneg
Champions League XIs: Arsenal
pecheneg
Quick Pick: Celebrities in WWE's Hall of Fame
aduchscher
A-Z Keypad Blitz II
pecheneg
Multiple Oscar Actors
pecheneg
Mystery Phrase Blitz: Oscar 'Best Actors'
pecheneg
F. Scott Fitzgerald Novels
LTH
Pick 3 Villains
ddd62291
Trending Topics
Kpop
NBA
Crossword
Anime
Marvel
Harry Potter
Disney
The Office
Puzzle
Country
Pokémon
WWE
Soccer
NFL
Song
Your Account Isn't Verified!
In order to create a playlist on Sporcle, you need to verify the email address you used during registration. Go to your
Sporcle Settings
to finish the process.
Report this User
Report this user for behavior that violates our
Community Guidelines
.
Details:
Send Report
Go to the Sporcle.com Mobile Site →
Comments